000 00342nam a2200145Ia 4500
005 20251222152618.0
008 251222s9999||||xx |||||||||||||| ||spa||
020 _a8422684489
082 _a828.9/W19
100 _aWalters, Minette
245 0 _aDonde Mueren las Olas
250 _a1ra.ed.
264 _bCĂ­rculo de Lectores
942 _cLIB
999 _c27249
_d27249